| 000 | 00750nam a2200229 u 4500 | ||
|---|---|---|---|
| 005 | 20220622063656.0 | ||
| 008 | 160628s2003 es r 000 0 spa d | ||
| 020 | _a9788444141114 | ||
| 035 | _aUPN01000211740 | ||
| 049 | _aI | ||
| 050 | 4 |
_aPZ76.3 _bL3.7 |
|
| 100 | 1 |
_aLaw, Felicia _932119 |
|
| 245 | 1 | 1 |
_a¿Quién ilumina la luna? / _cFelicia Law ; il. Nicola Evans ; tr. Sandra López Varela. |
| 260 |
_aLeón, Esp. : _bEverest, _c[2003]. |
||
| 300 |
_a29 p. : _bil. col. |
||
| 440 | 0 | _aBambú, Terciopelo y Pico | |
| 534 |
_pTítulo original : _tBamboo, Velvet and Beak : the moon |
||
| 650 | 0 |
_aAnimales _vCuentos y leyendas _9234 |
|
| 650 | 4 |
_aLUNA - _vLITERATURA INFANTIL _923928 |
|
| 650 | 4 |
_aCuentos infantiles _96744 |
|
| 905 | _aInfantil | ||
| 999 |
_c183841 _d183841 |
||